Biblioteca Popular Jaume Balmes : Vic : 1931 - 1981 Vic :
Descripción Física:
[4] p., [4] làm. ; 22 cm
MARC
| LEADER | 00000nam a2200000Ia 4500 | ||
|---|---|---|---|
| 001 | 11345 | ||
| 008 | 160829s9999 xx 000 0 cat d | ||
| 080 | |a FU-12-81 | ||
| 110 | 2 | |a Biblioteca Popular Jaume Balmes (Vic, Catalunya) |9 56038 | |
| 245 | |a Biblioteca Popular Jaume Balmes : |b Vic : |b 1931 - 1981 | ||
| 260 | |a Barcelona : |b Diputació de Barcelona, DL 1981 | ||
| 300 | |a [4] p., [4] làm. ; |c 22 cm | ||
| 610 | 2 | 0 | |a Biblioteca Popular Jaume Balmes (Vic, Catalunya) |x Història |9 56039 |
| 710 | 1 | |a Barcelona (Catalunya : Província). |b Diputació |9 52408 | |
| 901 | |a Arxiu | ||
| 942 | |n 1 | ||
| 952 | |0 0 |1 0 |4 0 |6 FU1281 |7 1 |9 42535 |a Arxiu |b Arxiu |d 2016-12-01 |l 0 |o FU-12-81 |p 11345 |r 2016-12-01 00:00:00 |w 2016-12-01 |y ARXIU | ||
| 999 | |c 45040 |d 45040 | ||